Ochranná známka : súčasť majetku podniku bakalárska práca

Uložené v:
Podrobná bibliografia
Hlavný autor: Palkovičová, Lucia
Korporativný autor: Fakulta podnikového manažmentu EU. Katedra podnikovohospodárska
Ďalší autori: Križan, Martin
Médium: Kniha
Jazyk:Slovak
Vydavateľské údaje: Bratislava 2009
Tagy: Pridať tag
Žiadne tagy, Buďte prvý, kto otaguje tento záznam!

MARC

LEADER 00000nam$a2200000$$$4500
001 0102091
005 20240319130216.1
041 0 |a slo 
044 |a SK 
245 1 0 |a Ochranná známka : súčasť majetku podniku  |b bakalárska práca  |c Lucia Palkovičová ; škol. Martin Križan 
264 1 |a Bratislava  |c 2009 
300 |a 31 s. 
100 1 |a Palkovičová, Lucia 
700 1 |a Križan, Martin 
710 2 |a Fakulta podnikového manažmentu EU. Katedra podnikovohospodárska